| 000 | 02602nam0a2200421 4500 | ||
|---|---|---|---|
| 001 | RU\NLR\bibl\821594 | ||
| 005 | 20260406053155.0 | ||
| 010 |
_a5-94010-318-9 _bв пер. |
||
| 021 |
_aRU _b2005-14460 _9737 |
||
| 035 | _aRSL-KNO-002582168 | ||
| 035 | _a(NLR Aleph) 000810505 | ||
| 090 |
_a1238181 _c1238181 |
||
| 100 | _a20050315d2005 |||y0rusy50 ca | ||
| 101 | 0 | _arus | |
| 102 | _aRU | ||
| 105 | _aa ||||||||| | ||
| 106 | _ar | ||
| 200 | 1 |
_aЖизнедеятельность и биосфера _eучебное пособие для студентов вузов, обучающихся по направлению подготовки дипломированых специалистов 656600 - "Защита окружающей среды" _fВ. А. Алексеенко |
|
| 210 |
_aМосква _cЛогос _d2005 |
||
| 215 |
_a229, [1] с. _cил. _d21 |
||
| 225 | 1 | _aНовая университетская библиотека | |
| 320 | _aБиблиогр. в конце гл. | ||
| 606 | 1 |
_aБиосфера _jУчебные издания для высших учебных заведений _xВлияние антропических факторов _92231258 _3RU\NLR\auth\661339219 |
|
| 606 | 1 |
_aОкружающая среда _jУчебные издания для высших учебных заведений _xЗагрязнение техногенное _xГигиеническая оценка _92239850 _3RU\NLR\auth\661344072 |
|
| 610 | 0 | _aБиологические науки -- Общая экология -- Антропические факторы среды и приспособление к ним -- Учебник для высшей школы | |
| 610 | 0 | _aНауки о Земле (геодезические, геофизические, геологические и географические науки) -- Географические науки -- Физическая география -- Ландшафтоведение -- Факторы и компоненты ландшафта и их взаимодействие -- Учебник для высшей школы | |
| 610 | 0 | _aбиосфера | |
| 686 |
_aЕ081.4я73-1 _2rubbk |
||
| 686 |
_aД821.1я73-1 _2rubbk |
||
| 686 | _aЕ081.4я73 | ||
| 686 | _aР121.101 | ||
| 700 | 1 |
_4070 _8rus _7ca _aАлексеенко _bВ. А. _f1939 - _gВладимир Алексеевич _3RU\NLR\auth\777982 _9117903 |
|
| 801 | 0 |
_aRU _bRuMoRKP _c20050315 _grcr |
|
| 801 | 1 |
_aRU _bRuMoRGB _c20050315 |
|
| 801 | 2 |
_aRU _bNLR _c20050719 _gPSBO |
|
| 942 | _cBOOK | ||
| 980 | _aNB | ||